00278pab a2200121 454500008004000000100001800040245002900058260000900087300001400096362000800110650002000118773001800138180718b2007 xxu||||| |||| 00| 0 eng d aBoyd, Richard a`The value of civility?' c2007 ap.863-78. aMay aUrban sociology aUrban Studies